|
|
|
|
| LEADER |
00000nam0a2200000 4500 |
| 001 |
268595 |
| 005 |
20231101234200.0 |
| 010 |
|
|
|a 9785160027678
|
| 035 |
|
|
|a (RuTPU)RU\TPU\book\291746
|
| 035 |
|
|
|a RU\TPU\book\138432
|
| 090 |
|
|
|a 268595
|
| 100 |
|
|
|a 20140905d2008 m y0rusy50 ca
|
| 101 |
0 |
|
|a rus
|
| 102 |
|
|
|a RU
|
| 105 |
|
|
|a a j 001zy
|
| 200 |
1 |
|
|a Водоотведение
|e учебник
|f Ю. В. Воронов [и др.]
|g под ред. Ю. В. Воронова
|
| 210 |
|
|
|a Москва
|c Инфра-М
|d 2008
|
| 215 |
|
|
|a 415 с.
|c ил.
|
| 225 |
1 |
|
|a Среднее профессиональное образование
|
| 320 |
|
|
|a Библиографический список: с. 406-409.
|
| 330 |
|
|
|a В учебнике изложены основные сведение о системах водоотведения и технология очистки бытовых и производственных сточных вод и обработки осадков. Рассмотрены вопросы проектирования и расчета водоотводящих сетей и сооружений и обработки осадка. Отражены достижения науки и техники в области отведения и очистки сточных вод. Для студентов строительных техникумов, колледжей, обучающихся по специальности 270112 (2912) «Водоснабжение и водоотведение».
|
| 606 |
1 |
|
|a Водостоки
|x Постройка
|2 stltpush
|3 (RuTPU)RU\TPU\subj\3056
|9 31519
|
| 610 |
1 |
|
|a водоотведение
|
| 610 |
1 |
|
|a схемы
|
| 610 |
1 |
|
|a системы
|
| 610 |
1 |
|
|a водоотводящие сети
|
| 610 |
1 |
|
|a проектирование
|
| 610 |
1 |
|
|a исходные данные
|
| 610 |
1 |
|
|a трубопроводы
|
| 610 |
1 |
|
|a гидравлический расчет
|
| 610 |
1 |
|
|a устройство
|
| 610 |
1 |
|
|a сточные воды
|
| 610 |
1 |
|
|a перекачка
|
| 610 |
1 |
|
|a атмосферные осадки
|
| 610 |
1 |
|
|a очистка
|
| 610 |
1 |
|
|a состав
|
| 610 |
1 |
|
|a свойства
|
| 610 |
1 |
|
|a водоемы
|
| 610 |
1 |
|
|a механическая очистка
|
| 610 |
1 |
|
|a биологическая очистка
|
| 610 |
1 |
|
|a городские сточные воды
|
| 610 |
1 |
|
|a физико-химическая очистка
|
| 610 |
1 |
|
|a обеззараживание
|
| 610 |
1 |
|
|a населенные пункты
|
| 610 |
1 |
|
|a производственные сточные воды
|
| 610 |
1 |
|
|a доочистка
|
| 610 |
1 |
|
|a учебники
|
| 675 |
|
|
|a 628.2(075.32)
|v 3
|
| 701 |
|
1 |
|a Воронов
|b Ю. В.
|g Юрий Викторович
|
| 701 |
|
1 |
|a Алексеев
|b Е. В.
|g Евгений Валерьевич
|
| 701 |
|
1 |
|a Саломеев
|b В. П.
|g Валерий Петрович
|
| 701 |
|
1 |
|a Пугачев
|b Е. А.
|g Евгений Алексеевич
|
| 702 |
|
1 |
|a Воронов
|b Ю. В.
|g Юрий Викторович
|4 340
|
| 801 |
|
1 |
|a RU
|b 63413507
|c 20071221
|g PSBO
|
| 801 |
|
2 |
|a RU
|b 63413507
|c 20140910
|g PSBO
|
| 900 |
|
|
|a Гидравлика
|
| 900 |
|
|
|a Технология очистки сточных вод
|
| 900 |
|
|
|a Инженерные системы водоснабжения и водоотведения
|
| 942 |
|
|
|c BK
|
| 953 |
|
|
|b 270112
|